000 00290nam a22001337a 4500
008 181016b xxu||||| |||| 00| 0 eng d
020 _a9780077594671
041 _aeng
080 _a611
100 _a6
101 _aANA
245 _aAnatomy Physiology
_cSaladin.K.S
942 _2udc
_cBK
999 _c49909
_d49909